Регионална библиотека "Любен Каравелов" - Русе

Общобългарски периодичен индустриален занаятчийски алманах (Запис номер 171372)

MARC детайли
000 -Лидер
Контролно поле с фиксирана дължина 01885nam a2200409 a 4500
003 - Код на организацията, давaща контролен номер
Контролно поле BLK
005 - Дата и час на последна редакция
Контролно поле 20250122133959.0
008 - Елементи от данни с фиксирана дължина
fixed length control field 180411b bul|||||r ||||||| ||bul||
010 ## - Наследен системен номер
LC control number KNG00179635000
040 ## - Източник на каталожния запис
Идентификатор на билиотеката - собственик на записа BLK
041 ## - Код за език
Код за езика на текст/звукозапис или на отделно заглавие Български
Код за езика КДБФ Български
072 #7 - Код за тематичната категория
Код организация bullib
Код за тематична категория К
Текст Краезнание
080 ## - УДК
Текстов определител УДК Икономика. Икономически науки
УДК код - определител по УДК 33
УДК определител (497.2)
УДК - код + определител 33(497.2)
139 ## - Редно поле
Редна дума Общобългарски периодичен индустриален занаятчийски алманах
Авторски знак Общ - О 25
245 10 - Сведения за заглавието
Заглавие Общобългарски периодичен индустриален занаятчийски алманах
Подзаглавни данни 1928 - 1929 г.
Редно поле (дума) ред. Иван Коев.
250 ## - Област на изданието
Сведения за изданието 2. изд.
257 ## - Страна на издаване
Страна на създаване/издаване България
260 ## - Област на издателските данни
Място на издаване, разпространение и проч. Русе
Име на издателя, разпространителя и проч. Иван Коев
Година на издаване 1929
Печатница Русе : печ. Леви, Петров и С-ие
300 ## - Физическа характеристика
Страници 400 с.
Размери/Мащаб 22 см
380 ## - Жанр
Жанр Обществени науки
500 ## - Общи забележки
Забележка 1. изд. 1924.
650 #4 - Допълнително описание по предмет – тема
Основно описание – тема или топоним Икономика - България - история
9 (RLIN) 286758
650 #4 - Допълнително описание по предмет – тема
Основно описание – тема или топоним Индустрия - България
9 (RLIN) 318332
651 #4 - Допълнително описание по предмет - топоним
Географско понятие България
9 (RLIN) 241624
653 ## - Ключова дума – ненормативна
Ключова дума занаяти
653 ## - Ключова дума – ненормативна
Ключова дума икономика
653 ## - Ключова дума – ненормативна
Ключова дума алманаси
700 ## - Други автори (авторска отговорност)
Лично име Коев, Иван
9 (RLIN) 314021
852 ## - Местоположение
Форматна сигнатура Цб 28645
852 ## - Местоположение
Форматна сигнатура К 33/О 25
Фондова буква Краезнание
856 4# - Електронен адрес и достъп
Електронен формат pdf - файл
Инструкция (цена за достъп) 0.00
Права за достъп Достъп за регистрирани потребители
Име на файл Общобългарски периодичен индустриален занаятчийски алманах
Път до файла /url/ http://185.138.176.146:18082/cgi-bin/koha/opac-retrieve-file.pl?id=40a694111c1cc338d3266d997e783976
Допълнителна информация (Корица, съдържание, пълен текст, звуков файл, HTML файл) Електронна книга
Информация за съдържанието Общобългарски периодичен индустриален занаятчийски алманах
856 4# - Електронен адрес и достъп
Електронен формат pdf - файл
Инструкция (цена за достъп) 0.00
Права за достъп disable
999 ## - СИСТЕМНИ КОНТРОЛНИ НОМЕРА
Koha biblionumber 171372
Koha biblioitemnumber 171372
942 ## - АРТИКУЛИ
Вид на библиотечния материал Книги
Скрит в OPAC Не
Периодичен библиозапис Да
Koha issues (borrowed), all copies 1
944 ## - СЪЗДАВАНЕ И РЕДАКЦИЯ на ЗАПИСА
Създаване/Редакция Създаване
Дата на регистрацията/редакция 12.08.2015
Служител, извършил регистрацията/редакцията 30558
Статус, дата на статуса Валя Йорданова
944 ## - СЪЗДАВАНЕ И РЕДАКЦИЯ на ЗАПИСА
Създаване/Редакция Редакция
Дата на регистрацията/редакция 2023-04-13
Служител, извършил регистрацията/редакцията Кети
999 ## - СИСТЕМНИ КОНТРОЛНИ НОМЕРА
Koha biblioitemnumber 171372
Наличности
Код за отписване Код за изгубен артикул Източник на класификационната схема Код за повреда Коз за рестрикции Код за отдаване Артикулен № Име на библиотеката - собственик Име на библиотеката, в която се намира в момента Статус (Текущо местоположение) Дата на вписване в системата Местоположение - отдел Цена в лева Инвентарен номер Систематично азбучна сигнатура Баркод Номер на екземпляра Цена в евро Служебна бележка Служебен тип на артикула
  Не е изгубен Universal Decimal Classification Не е повреден без рестрикции ползва се в читалня 291372 Регионална библиотека "Любен Каравелов" Русе Регионална библиотека "Любен Каравелов" Русе Краезнание 1929-01-01 Краезнание 0.80 18106/61 К 33/О 25 900000003138 1 0.41 N: Сф Дата: 01.01.1929 Дата инв: 06.11.2017 Бележки инв: К2017 Книги
Vip Innovations Ltd, Rousse, Bulgaria 2025